<?xml version="1.0" encoding="UTF-8"?>
<record
    xmlns:xsi="http://www.w3.org/2001/XMLSchema-instance"
    xsi:schemaLocation="http://www.loc.gov/MARC21/slim http://www.loc.gov/standards/marcxml/schema/MARC21slim.xsd"
    xmlns="http://www.loc.gov/MARC21/slim">

  <leader>01314nam a22002777a 4500</leader>
  <controlfield tag="005">20170323125841.0</controlfield>
  <controlfield tag="008">140714b        xxu||||| |||| 00| 0 Urdu d</controlfield>
  <datafield tag="010" ind1=" " ind2=" ">
    <subfield code="a">UR-8523  B-548255  B-665914</subfield>
  </datafield>
  <datafield tag="020" ind1=" " ind2=" ">
    <subfield code="c">300.00   </subfield>
    <subfield code="a">9788180422560</subfield>
  </datafield>
  <datafield tag="035" ind1=" " ind2=" ">
    <subfield code="a">U-7078   B-548255  B-665914</subfield>
  </datafield>
  <datafield tag="037" ind1=" " ind2=" ">
    <subfield code="b">BPPD/Publishers/Venders</subfield>
  </datafield>
  <datafield tag="037" ind1=" " ind2=" ">
    <subfield code="b">DBAD/Pub.</subfield>
  </datafield>
  <datafield tag="037" ind1=" " ind2=" ">
    <subfield code="b">Star Pub.(Vend.)/Modern Pub.(Pub.)</subfield>
  </datafield>
  <datafield tag="040" ind1=" " ind2=" ">
    <subfield code="a">DPL</subfield>
    <subfield code="b">Urdu</subfield>
  </datafield>
  <datafield tag="082" ind1=" " ind2=" ">
    <subfield code="a">  844</subfield>
  </datafield>
  <datafield tag="100" ind1=" " ind2=" ">
    <subfield code="a">&#x648; &#x62F; &#x64A;&#x627; &#x633;&#x627; &#x6AF;&#x631; &#x622; &#x646;&#x646;&#x62F;</subfield>
  </datafield>
  <datafield tag="245" ind1=" " ind2=" ">
    <subfield code="a">&#x645;&#x648; &#x644;&#x627; &#x646;&#x627; &#x627; &#x628;&#x648; &#x627; &#x644;&#x6A9;&#x644;&#x627; &#x645; &#x622;&#x632; &#x627; &#x62F; &#x627;&#x648;&#x631; &#x62F; &#x64A;&#x6AF;&#x631; &#x645;&#x636;&#x627; &#x645;&#x64A;&#x646;</subfield>
    <subfield code="c">&#x648; &#x62F; &#x64A;&#x627; &#x633;&#x627; &#x6AF;&#x631; &#x622; &#x646;&#x646;&#x62F;</subfield>
  </datafield>
  <datafield tag="246" ind1=" " ind2=" ">
    <subfield code="a">Maulana Abul Kalam Azad aur Digar Mazameen</subfield>
    <subfield code="b">by Vidya Sagar Anand</subfield>
  </datafield>
  <datafield tag="260" ind1=" " ind2=" ">
    <subfield code="b">Modern Publishing House</subfield>
    <subfield code="b">Star Publications.( Vender)</subfield>
    <subfield code="c">2013</subfield>
  </datafield>
  <datafield tag="260" ind1=" " ind2=" ">
    <subfield code="a">4/5Asaf Ali Road,New Delhi-110002</subfield>
  </datafield>
  <datafield tag="270" ind1=" " ind2=" ">
    <subfield code="a">9-&#x6AF;&#x648; &#x644;&#x627; &#x645;&#x627; &#x631; &#x6A9;&#x64A;&#x679;&#x60C;&#x62F; &#x631; &#x64A;&#x627; &#x6AF;&#x646;&#x62C;</subfield>
    <subfield code="b"> &#x646;&#x626; &#x62F;&#x6BE;&#x644;&#x6CC;</subfield>
    <subfield code="e">110002</subfield>
    <subfield code="k">01123278869</subfield>
  </datafield>
  <datafield tag="300" ind1=" " ind2=" ">
    <subfield code="a">207&#x635;</subfield>
    <subfield code="c">22Cm(Pb)</subfield>
  </datafield>
  <datafield tag="942" ind1=" " ind2=" ">
    <subfield code="2">ddc</subfield>
    <subfield code="c">UR</subfield>
    <subfield code="m">&#x648; &#x62F; &#x6CC;</subfield>
    <subfield code="h"> 844</subfield>
  </datafield>
  <datafield tag="999" ind1=" " ind2=" ">
    <subfield code="c">87730</subfield>
    <subfield code="d">87730</subfield>
  </datafield>
  <datafield tag="952" ind1=" " ind2=" ">
    <subfield code="0">0</subfield>
    <subfield code="1">0</subfield>
    <subfield code="2">ddc</subfield>
    <subfield code="4">0</subfield>
    <subfield code="7">0</subfield>
    <subfield code="8">NFIC</subfield>
    <subfield code="a">L</subfield>
    <subfield code="b">L</subfield>
    <subfield code="d">2014-12-16</subfield>
    <subfield code="e">BPPD/UR/2014-15/127/1.8.14/SP/3597/6.8.14/2.9.14</subfield>
    <subfield code="g">300.00</subfield>
    <subfield code="l">2</subfield>
    <subfield code="o">844 &#x648; &#x62F; &#x6CC;</subfield>
    <subfield code="p">B-548255</subfield>
    <subfield code="r">2024-10-28 00:00:00</subfield>
    <subfield code="s">2024-10-14</subfield>
    <subfield code="t">1</subfield>
    <subfield code="v">300.00</subfield>
    <subfield code="y">UR</subfield>
  </datafield>
  <datafield tag="952" ind1=" " ind2=" ">
    <subfield code="0">0</subfield>
    <subfield code="1">0</subfield>
    <subfield code="2">ddc</subfield>
    <subfield code="4">0</subfield>
    <subfield code="7">1</subfield>
    <subfield code="8">NFIC</subfield>
    <subfield code="a">DBAD</subfield>
    <subfield code="b">DBAD</subfield>
    <subfield code="d">2015-01-29</subfield>
    <subfield code="e">DBAD/PUB</subfield>
    <subfield code="g">300.00</subfield>
    <subfield code="l">0</subfield>
    <subfield code="o">844 &#x648; &#x62F; &#x6CC;</subfield>
    <subfield code="p">U-7078</subfield>
    <subfield code="r">2015-01-29 00:00:00</subfield>
    <subfield code="t">1</subfield>
    <subfield code="v">300.00</subfield>
    <subfield code="w">2015-01-29</subfield>
    <subfield code="y">UR</subfield>
  </datafield>
  <datafield tag="952" ind1=" " ind2=" ">
    <subfield code="0">0</subfield>
    <subfield code="1">0</subfield>
    <subfield code="2">ddc</subfield>
    <subfield code="4">0</subfield>
    <subfield code="7">0</subfield>
    <subfield code="8">NFIC</subfield>
    <subfield code="a">AV</subfield>
    <subfield code="b">AV</subfield>
    <subfield code="d">2017-03-23</subfield>
    <subfield code="e">BPPD/UR/2014-15/AV/16-17/657/SP/2267/27.2.17/8.3.17</subfield>
    <subfield code="g">300.00</subfield>
    <subfield code="l">0</subfield>
    <subfield code="o">844 &#x648; &#x62F; &#x6CC;</subfield>
    <subfield code="p">B-665914</subfield>
    <subfield code="r">2023-06-10 00:00:00</subfield>
    <subfield code="t">1</subfield>
    <subfield code="v">300.00</subfield>
    <subfield code="w">2017-03-23</subfield>
    <subfield code="y">UR</subfield>
  </datafield>
</record>
